<?xml version="1.0" encoding="UTF-8"?><?xml-stylesheet type="text/xsl" href="static/style.xsl"?><OAI-PMH xmlns="http://www.openarchives.org/OAI/2.0/" xmlns:xsi="http://www.w3.org/2001/XMLSchema-instance" xsi:schemaLocation="http://www.openarchives.org/OAI/2.0/ http://www.openarchives.org/OAI/2.0/OAI-PMH.xsd"><responseDate>2026-04-17T02:42:30Z</responseDate><request verb="GetRecord" identifier="oai:www.recercat.cat:11351/10668" metadataPrefix="marc">https://recercat.cat/oai/request</request><GetRecord><record><header><identifier>oai:recercat.cat:11351/10668</identifier><datestamp>2024-06-06T08:00:25Z</datestamp><setSpec>com_2072_431750</setSpec><setSpec>com_2072_378040</setSpec><setSpec>col_2072_431762</setSpec></header><metadata><record xmlns="http://www.loc.gov/MARC21/slim" xmlns:dcterms="http://purl.org/dc/terms/" xmlns:xsi="http://www.w3.org/2001/XMLSchema-instance" xmlns:doc="http://www.lyncode.com/xoai" xsi:schemaLocation="http://www.loc.gov/MARC21/slim http://www.loc.gov/standards/marcxml/schema/MARC21slim.xsd">
   <leader>00925njm 22002777a 4500</leader>
   <datafield ind2=" " ind1=" " tag="042">
      <subfield code="a">dc</subfield>
   </datafield>
   <datafield ind2=" " ind1=" " tag="260">
      <subfield code="c">2023-11-28T12:34:42Z</subfield>
   </datafield>
   <datafield ind2=" " ind1=" " tag="260">
      <subfield code="c">2023-11-28T12:34:42Z</subfield>
   </datafield>
   <datafield ind2=" " ind1=" " tag="260">
      <subfield code="c">2023-09</subfield>
   </datafield>
   <datafield ind2=" " ind1=" " tag="520">
      <subfield code="a">Anàlisi de perills i punts crítics de control; Sistema d'autocontrol; Indústria alimentària</subfield>
   </datafield>
   <datafield ind2=" " ind1=" " tag="520">
      <subfield code="a">Análisis de peligros y puntos críticos de control; Sistema de autocontrol; Industria alimentaria</subfield>
   </datafield>
   <datafield ind2=" " ind1=" " tag="520">
      <subfield code="a">Analysis of hazards and critical control points; Self-control system; Food industry</subfield>
   </datafield>
   <datafield ind2=" " ind1=" " tag="520">
      <subfield code="a">Aquest manual té com a objectiu servir de referent&#xd;
per a la formació de les persones responsables&#xd;
de l’autocontrol i la supervisió de la manipulació&#xd;
d’aliments en petites i mitjanes empreses&#xd;
alimentàries, tant si es tracta del mateix operador&#xd;
com de persones a les quals ha estat delegada&#xd;
aquesta funció. Pretén ser una orientació pràctica sobre els requisits que s’han de garantir a les&#xd;
indústries alimentàries, però cal tenir en compte&#xd;
que el responsable l’ha de desenvolupar i adaptar&#xd;
a la seva empresa en funció del sector i la&#xd;
complexitat dels seus processos.</subfield>
   </datafield>
   <datafield ind2=" " ind1=" " tag="520">
      <subfield code="a">Este manual tiene como objetivo servir de&#xd;
referente para la formación de las personas responsables del autocontrol y la supervisión&#xd;
de la manipulación de alimentos en pequeñas y&#xd;
medianas empresas alimentarias, tanto si se trata&#xd;
del mismo operador como de personas en las que&#xd;
ha sido delegada esta función. Pretende ser una&#xd;
orientación práctica sobre los requisitos que se&#xd;
deben garantizar en las industrias alimentarias,&#xd;
pero hay que tener en cuenta que el responsable&#xd;
lo desarrollará y adaptará a su empresa en función&#xd;
del sector y la complejidad de sus procesos.</subfield>
   </datafield>
   <datafield ind1="8" ind2=" " tag="024">
      <subfield code="a">http://hdl.handle.net/11351/10668</subfield>
   </datafield>
   <datafield tag="653" ind2=" " ind1=" ">
      <subfield code="a">Aliments - Indústria i comerç</subfield>
   </datafield>
   <datafield tag="653" ind2=" " ind1=" ">
      <subfield code="a">Aliments - Manipulació</subfield>
   </datafield>
   <datafield tag="653" ind2=" " ind1=" ">
      <subfield code="a">TECHNOLOGY, INDUSTRY, AND AGRICULTURE::Technology, Industry, and Agriculture::Industry::Food Industry</subfield>
   </datafield>
   <datafield tag="653" ind2=" " ind1=" ">
      <subfield code="a">HEALTH SURVEILLANCE::Health Surveillance of Products::Control and Sanitary Supervision of Foods and Beverages::Food Production::Food Inspection::Food Handling::Food Hygiene</subfield>
   </datafield>
   <datafield tag="653" ind2=" " ind1=" ">
      <subfield code="a">TECHNOLOGY, INDUSTRY, AND AGRICULTURE::Technology, Industry, and Agriculture::Industry::Food Industry::Food Technology::Food Quality::Food Safety::Food Inspection</subfield>
   </datafield>
   <datafield tag="653" ind2=" " ind1=" ">
      <subfield code="a">TECNOLOGÍA, INDUSTRIA Y AGRICULTURA::tecnología, industria y agricultura::industria::industria de alimentos</subfield>
   </datafield>
   <datafield tag="653" ind2=" " ind1=" ">
      <subfield code="a">VIGILANCIA SANITARIA::control sanitario de productos::control y supervisión sanitaria de alimentos y bebidas::producción de alimentos::inspección alimentaria::manipulación de alimentos::higiene alimentaria</subfield>
   </datafield>
   <datafield tag="653" ind2=" " ind1=" ">
      <subfield code="a">TECNOLOGÍA, INDUSTRIA Y AGRICULTURA::tecnología, industria y agricultura::industria::industria de alimentos::tecnología de alimentos::calidad alimentaria::inocuidad de los alimentos::inspección alimentaria</subfield>
   </datafield>
   <datafield ind2="0" ind1="0" tag="245">
      <subfield code="a">Manual del responsable de l'autocontrol a la indústria alimentària</subfield>
   </datafield>
   <datafield ind2="0" ind1="0" tag="245">
      <subfield code="a">Manual del responsable del autocontrol en la industria alimentaria</subfield>
   </datafield>
</record></metadata></record></GetRecord></OAI-PMH>